Hội thảo quốc gia bệnh hại thực vật Việt Nam : Lần thứ 8 tại Viện nghiên cứu bông và phát triển nông nghiệp Nha Hố, Ninh Sơn, Ninh Thuận, 25 - 26/7/2009 = The 8th national conference of Vietnamese phytopathological society V.P.S - 25 - 26/7/2009
Cuốn sách tập hợp 30 bài nghiên cứu về nấm bệnh hại cây trồng được báo cáo tại hội thảo quốc gia về bệnh hại thực vật Việt Nam lần thứ 8 tổ chức tại Ninh Thuận
Đã lưu trong:
| 企業作者: | |
|---|---|
| 格式: | 圖書 |
| 語言: | Undetermined |
| 出版: |
Hà Nội
Nông nghiệp
2009
|
| 主題: | |
| 標簽: |
添加標簽
沒有標簽, 成為第一個標記此記錄!
|
| Thư viện lưu trữ: | Trung tâm Học liệu Trường Đại học Cần Thơ |
|---|
| LEADER | 01193nam a2200193Ia 4500 | ||
|---|---|---|---|
| 001 | CTU_186052 | ||
| 008 | 210402s9999 xx 000 0 und d | ||
| 082 | |a 632.3 | ||
| 082 | |b H452 | ||
| 110 | |a Hội nghiên cứu bệnh hại thực vật Việt Nam (V.P.S) | ||
| 245 | 0 | |a Hội thảo quốc gia bệnh hại thực vật Việt Nam : | |
| 245 | 0 | |b Lần thứ 8 tại Viện nghiên cứu bông và phát triển nông nghiệp Nha Hố, Ninh Sơn, Ninh Thuận, 25 - 26/7/2009 = The 8th national conference of Vietnamese phytopathological society V.P.S - 25 - 26/7/2009 | |
| 245 | 0 | |c Hội nghiên cứu bệnh hại thực vật Việt Nam (V.P.S) | |
| 260 | |a Hà Nội | ||
| 260 | |b Nông nghiệp | ||
| 260 | |c 2009 | ||
| 520 | |a Cuốn sách tập hợp 30 bài nghiên cứu về nấm bệnh hại cây trồng được báo cáo tại hội thảo quốc gia về bệnh hại thực vật Việt Nam lần thứ 8 tổ chức tại Ninh Thuận | ||
| 650 | |a Plant diseases,Bệnh cây trồng | ||
| 980 | |a Trung tâm Học liệu Trường Đại học Cần Thơ | ||